000 00599nam a2200193Ia 4500
003 IN-BaIIA
008 211028s9999 xx 000 0 eng d
040 _cIIA Library
080 _a517.91
_bBUG
100 _aBugrov, YA S
_914122
245 0 _aDifferential Equations Multiple Integrals Series Theory of Functions of a Complex Variable
_cYA S Bugrov and S. M. Nikolsky
260 _aMoscow
_bMIR Publishers
_c1982
300 _a475p
650 _aDifferential Equations
_91510
650 _aIntegral Equations
_91635
650 _aNASA Thesaurus
700 _aNikolsky, S. M.
_914123
942 _cBK
999 _c8425
_d8425